Sports Quiz

Random Sports or WWE Quiz

The Rock's WWE PPV Opponents Quiz Stats

 Plays Quiz Updated Apr 6, 2016

Challenge
Share
Tweet
Embed
Score 0/121 Timer 10:00
30 Plays Today
PPV Opponent % Correct
D-Generation X: In Your HouseSteve Austin
94.8%
Royal Rumble 1998Steve Austin
94.8%
WrestleMania XVSteve Austin
94.8%
Backlash: In Your HouseSteve Austin
94.8%
Armageddon 2000Steve Austin
94.8%
Rebellion 2000Steve Austin
94.8%
WrestleMania X-SevenSteve Austin
94.8%
Rebellion 2001Steve Austin
94.8%
Survivor Series 2001Steve Austin
94.8%
WrestleMania XIXSteve Austin
94.8%
Survivor Series 1996Hunter Hearst Helmsley
94.8%
In Your House 13: Final FourHunter Hearst Helmsley
94.8%
Fully Loaded: In Your HouseTriple H
94.8%
Summerslam 1998Triple H
94.8%
Over the Edge 1999Triple H
94.8%
Fully Loaded 1999Triple H
94.8%
Unforgiven 1999Triple H
94.8%
Rebellion 1999Triple H
94.8%
Survivor Series 1999Triple H
94.8%
WrestleMania 2000Triple H
94.8%
Backlash 2000Triple H
94.8%
Insurrextion 2000Triple H
94.8%
Judgment Day 2000Triple H
94.8%
King of the Ring 2000Triple H
94.8%
SummerSlam 2000Triple H
94.8%
Armageddon 2000Triple H
94.8%
WrestleMania XXVIIIJohn Cena
94.6%
WrestleMania 29John Cena
94.5%
Survivor Series 1998Undertaker
93.3%
King of the Ring 1999Undertaker
93.3%
Unforgiven 2000Undertaker
93.3%
Armageddon 2000Undertaker
93.3%
No Way Out 2002Undertaker
93.3%
Vengeance 2002Undertaker
93.3%
Unforgiven 1999Kane
88.6%
Unforgiven 2000Kane
88.6%
Royal Rumble 2001Kane
88.6%
Royal Rumble 1997Mankind
87.4%
In Your House 15: A Cold Day in HellMankind
87.4%
Breakdown: In Your HouseMankind
87.4%
Survivor Series 1998Mankind
87.4%
PPV Opponent % Correct
Rock Bottom: In Your HouseMankind
87.4%
Royal Rumble 1999Mankind
87.4%
St. Valentine's Day Massacre: In Your HouseMankind
87.4%
Unforgiven 1999Mankind
87.4%
WrestleMania 2000Mick Foley
87.4%
WrestleMania X8Hollywood Hulk Hogan
83.6%
No Way Out 2003Hulk Hogan
83.6%
Unforgiven 1999Big Show
83.3%
Survivor Series 1999Big Show
83.3%
Royal Rumble 2000Big Show
83.3%
No Way Out 2000Big Show
83.3%
WrestleMania 2000Big Show
83.3%
SummerSlam 2000Kurt Angle
81.6%
No Mercy 2000Kurt Angle
81.6%
Armageddon 2000Kurt Angle
81.6%
Rebellion 2000Kurt Angle
81.6%
No Way Out 2001Kurt Angle
81.6%
Survivor Series 2001Kurt Angle
81.6%
Vengeance 2002Kurt Angle
81.6%
WrestleMania XXRandy Orton
79.2%
Royal Rumble 2013CM Punk
78.3%
Elimination Chamber 2013CM Punk
78.3%
SummerSlam 2002Brock Lesnar
78.1%
No Mercy 2001Chris Jericho
77.8%
Vengeance 2001Chris Jericho
77.8%
Royal Rumble 2002Chris Jericho
77.8%
King of the Ring 2000Vince McMahon
77.2%
Survivor Series 2001Shane McMahon
77%
Insurrextion 2000Shane McMahon
76.8%
King of the Ring 2000Shane McMahon
76.8%
Unforgiven 2001Shane McMahon
76.8%
WrestleMania XXRic Flair
75.1%
WrestleMania XXBatista
74.7%
WrestleMania 13The Sultan
68%
Survivor Series 2000Rikishi
68%
Armageddon 2000Rikishi
68%
Rebellion 2000Rikishi
68%
Survivor Series 1998Big Boss Man
68%
Survivor Series 2011The Miz
68%
SummerSlam 2001Booker T
66.5%
Unforgiven 2001Booker T
66.5%
PPV Opponent % Correct
Survivor Series 2001Booker T
66.5%
Fully Loaded 2000Chris Benoit
64.2%
Unforgiven 2000Chris Benoit
64.2%
SummerSlam 1999Billy Gunn
64%
Armageddon 1999Billy Gunn
64%
WrestleMania 32Erick Rowan
63.9%
Backlash 2003Goldberg
62%
Armageddon 1999Road Dogg
61.3%
Capital CarnageX-Pac
57.8%
Survivor Series 2011R-Truth
57.5%
Survivor Series 1997Ken Shamrock
57.1%
Royal Rumble 1998Ken Shamrock
57.1%
No Way Out of Texas: In Your HouseKen Shamrock
57.1%
WrestleMania XIVKen Shamrock
57.1%
Unforgiven: In Your HouseKen Shamrock
57.1%
Over the Edge: In Your HouseKen Shamrock
57.1%
Breakdown: In Your HouseKen Shamrock
57.1%
King of the Ring 1998Ken Shamrock
57.1%
Survivor Series 1998Ken Shamrock
57.1%
Survivor Series 2001Rob Van Dam
56.3%
Judgment Day: In Your HouseMark Henry
49.2%
Survivor Series 1996Goldust
48.8%
Unforgiven: In Your HouseFaarooq
48%
Unforgiven 1999British Bulldog
45.7%
No Mercy 1999British Bulldog
45.7%
Survivor Series 1997Ahmed Johnson
33%
No Way Out of Texas: In Your HouseAhmed Johnson
33%
Survivor Series 1996Jerry Lawler
32.5%
Badd Blood: In Your HouseAnimal
29.7%
Survivor Series 1997Animal
29.7%
In Your House 14: Revenge of the 'TakerSavio Vega
29.6%
Badd Blood: In Your HouseHawk
29.5%
Survivor Series 1997Hawk
29.5%
Survivor Series 1996Crush
27%
Unforgiven: In Your HouseSteve Blackman
25.5%
No Way Out of Texas: In Your House8-Ball
20.6%
No Way Out of Texas: In Your HouseChainz
18.7%
No Way Out of Texas: In Your HouseSkull
18.7%
King of the Ring 1998Dan Severn
18%

You're not logged in!

Compare scores with friends on all Sporcle quizzes.
OR
Log In

You Might Also Like...

Show Comments

Extras

Top Quizzes Today


Score Distribution

Your Account Isn't Verified!

In order to create a playlist on Sporcle, you need to verify the email address you used during registration. Go to your Sporcle Settings to finish the process.

Report this User

Report this user for behavior that violates our Community Guidelines.

Details: